000 00300nam a2200097Ia 4500
082 _aJ 591.53 SETF
245 0 _aPredator : animals with the skill to kill
100 _a SETFORD, Steve New York, 2003 1st American ed
_999393
942 _cBK
008 210817s9999 xx 000 0 und d
999 _c421859
_d421858